000 00541nam a2200193 i 4500
001 bg
100 1 _aVOL'MIR, A. S.
245 1 0 _aUstojčivost' deformiruemych sistem /
_cA. S. Bol'mir.
250 _aIzd. 2 pererab. i dopoln.
260 _aMoskva :
_b"Nauka",
_c1967.
300 _a984 s. :
_brys., wykr. ;
_c23 cm.
504 _aBibliogr. s.942-975. - Indeks.
650 9 _aWytrzymałość materiałów
_xzagadnienia
040 _cBPK
041 0 _aru
080 _a539.3
942 _cKS
008 s pl f |000 0 pol
999 _c35876
_d35876